00710pam a2200241 a 4500001000800000005001700008008004100025010001700066020001500083040002300098041000800121060001300129080001300142082002100155100000700176101000900183245005400192504003200246906004500278942001200323999001700335952011600352196701320180117034433.0880216s1988 nyua b 001 0 eng c a 88045079  a0898627834 aDNLM/DLCcDLCdDLC aeng a304.6072 a304.607200a304.6072 NEW2191 a42 aGJEO10aMethods and models in demography /cColin Newell. aBibliography: p. [211]-214. a7bcbccorignewd1eocipf19gy-gencatlg 2ddccBK c40396d40396 00102udc40708PËKGa002b002cPËKGd2018-01-17l0o304.6072 NEWp002-2995688r2018-01-17w2018-01-17yBK